000 01008cab a22001935a 4500
001 L147747
008 090612e2009 xxk 000 0 eng d
035 _a(Sirsi) u147747
041 0 _aeng
100 1 _aHamnett, Chris
245 0 0 _aSpatially displaced demand and the changing geography of house prices in London, 1995 - 2006.
260 _c2009
490 _aHousing Studies
_v24(3) May 2009, 301-320
520 _aDiscusses the effects of increasing high incomes and gentrification in inner London on the home ownership market. Examines the average London house price by borough, finding that the top-priced boroughs remain the highest priced and the lowest-priced boroughs remain at the bottom over the entire period. One change is noted: the gap between between the highest average price and the lowest average price has closed. Considers explanations for these changes.
590 _aKA
651 4 _aLondon
690 _aPROPERTY-RESIDENTIAL PROPERTY-RESIDENTIAL PROPERTY MARKET
942 _n0
999 _c81628
_d81628